| Tag |
First Indicator |
Second Indicator |
Subfields |
| LEADER |
00000cam a2200000Ia 4500 |
| 001 |
in00004667021 |
| 006 |
m o d |
| 007 |
cr unu|||||||| |
| 008 |
140818t20142011gw a o 001 0 ger d |
| 005 |
20260128152947.6 |
| 035 |
|
|
|a (OCoLC)887734821
|
| 037 |
|
|
|a CL0500000463
|b Safari Books Online
|
| 040 |
|
|
|a UMI
|b eng
|e pn
|c UMI
|d OCLCQ
|d OCLCF
|d OCLCQ
|d REB
|d OCLCO
|d OCLCQ
|
| 049 |
|
|
|a TXAM
|
| 050 |
|
4 |
|a QA76.7
|b .M49 2014
|
| 100 |
1 |
|
|a Meyer, Robert.
|
| 245 |
1 |
0 |
|a Praxiswissen TYPO3 CMS /
|c Robert Meyer, Thorsten Bringewatt.
|
| 250 |
|
|
|a 7. Aufl.
|
| 260 |
|
|
|a Köln :
|b O'Reilly,
|c 2014, ©2011.
|
| 300 |
|
|
|a 1 online resource (1 volume) :
|b illustrations.
|
| 336 |
|
|
|a text
|b txt
|2 rdacontent
|
| 337 |
|
|
|a computer
|b c
|2 rdamedia
|
| 338 |
|
|
|a online resource
|b cr
|2 rdacarrier
|
| 490 |
1 |
|
|a O'Reilly's basics
|
| 588 |
0 |
|
|a Online resource; title from title page (Safari, viewed August 5, 2014).
|
| 500 |
|
|
|a "Version 6.2"--Cover.
|
| 500 |
|
|
|a Includes index.
|
| 650 |
|
0 |
|a Programming languages (Electronic computers)
|
| 650 |
|
0 |
|a Open source software.
|
| 650 |
|
6 |
|a Logiciels libres.
|
| 650 |
|
7 |
|a Open source software.
|2 fast
|0 (OCoLC)fst01046097
|
| 650 |
|
7 |
|a Programming languages (Electronic computers)
|2 fast
|0 (OCoLC)fst01078704
|
| 700 |
1 |
|
|a Bringewatt, Thorsten.
|
| 830 |
|
0 |
|a O'Reilly's basics.
|
| 856 |
4 |
0 |
|u https://proxy.library.tamu.edu/login?url=https://go.oreilly.com/TAMU/library/view/-/9783955615376/?ar
|z Connect to the full text of this electronic book
|t 0
|
| 955 |
|
|
|a Safari/O'Reilly ebooks
|
| 994 |
|
|
|a 92
|b TXA
|
| 999 |
f |
f |
|s 1a0ef72f-001d-447d-9214-9995b5490e16
|i 8e42ca6d-bb06-4edc-a86c-43255058a4d7
|t 0
|
| 952 |
f |
f |
|a Texas A&M University
|b College Station
|c Electronic Resources
|s www_evans
|d Available Online
|t 0
|e QA76.7 .M49 2014
|h Library of Congress classification
|
| 998 |
f |
f |
|a QA76.7 .M49 2014
|t 0
|l Available Online
|